[Event "COL-ch U18"]
[Site "Cali"]
[Date "2016.07.04"]
[Round "9"]
[White "Jimenez, Leonardo Andres"]
[Black "Santofimio Vega, Andres Camilo"]
[Result "1-0"]
[WhiteElo "2028"]
[BlackElo "1640"]
[PlyCount "45"]
[EventDate "2016.06.29"]
[EventType "tourn"]
[EventRounds "9"]
[EventCountry "COL"]
[SourceTitle "CBM 173 Extra"]
[Source "ChessBase"]
[SourceDate "2016.08.29"]
[SourceVersion "1"]
[SourceVersionDate "2016.08.29"]
[SourceQuality "1"]

1. e4 c5 2. Nf3 d6 3. d4 cxd4 4. Nxd4 Nf6 5. Nc3 g6 6. f4 Bg7 7. e5 Ng8 8. Bb5+ Bd7 9. e6 Bxb5 10. exf7+ Kxf7 11. Ndxb5 Nf6 12. Be3 Rf8 13. Qd2 a6 14. Nd4 Nc6 15. 0-0-0 Nxd4 16. Bxd4 Kg8 17. Kb1 Qa5 18. Rhe1 Rfe8 19. Re6 Qf5 20. Rde1 b5 21. Bxf6 Bxf6 22. Nd5 Be5 23. Rxe7 1-0

[Event "COL-ch U18"]
[Site "Cali"]
[Date "2016.07.03"]
[Round "8"]
[White "Calderon Zuta, Nicolas"]
[Black "Jimenez, Leonardo Andres"]
[Result "0-1"]
[WhiteElo "1801"]
[BlackElo "2028"]
[PlyCount "115"]
[EventDate "2016.06.29"]
[EventType "tourn"]
[EventRounds "9"]
[EventCountry "COL"]
[SourceTitle "CBM 173 Extra"]
[Source "ChessBase"]
[SourceDate "2016.08.29"]
[SourceVersion "1"]
[SourceVersionDate "2016.08.29"]
[SourceQuality "1"]

1. e4 Nf6 2. e5 Nd5 3. Nf3 d6 4. d4 g6 5. Bc4 Nb6 6. Bb3 Bg7 7. Bg5 d5 8. c3 h6 9. Bf4 Na6 10. a4 Bf5 11. a5 Nc8 12. Bc2 Bxc2 13. Qxc2 0-0 14. h4 Qd7 15. h5 Qf5 16. Qxf5 gxf5 17. Nh4 e6 18. g4 fxg4 19. Rg1 Kh7 20. Rxg4 c5 21. Na3 cxd4 22. cxd4 Nb4 23. Kd2 a6 24. Nc2 Nxc2 25. Kxc2 Ne7 26. Bd2 Rac8+ 27. Bc3 Rg8 28. Rag1 Bf8 29. f4 Rxg4 30. Rxg4 Nc6 31. Kb3 Be7 32. Ng2 Rg8 33. Ne3 Bd8 34. Ka4 Bxa5 35. Bxa5 b5+ 36. Kb3 Rxg4 37. Nxg4 Nxa5+ 38. Kb4 Nc4 39. b3 Nd2 40. Nf6+ Kh8 41. f5 a5+ 42. Kxb5 Nxb3 43. fxe6 fxe6 44. Ng4 Kg7 45. Ka4 Nxd4 46. Kxa5 Ne2 47. Kb5 Nf4 48. Nf6 Nd3 49. Ng4 Kf8 50. Kc6 Ke7 51. Kb5 Kd7 52. Nf6+ Kc7 53. Ng4 Nf4 54. Nxh6 Nxh5 55. Nf7 Nf4 56. Ng5 Kd7 57. Kc5 Nd3+ 58. Kd4 0-1

[Event "COL-ch U18"]
[Site "Cali"]
[Date "2016.06.29"]
[Round "1"]
[White "Perez Lujan, Mateo"]
[Black "Jimenez, Leonardo Andres"]
[Result "1/2-1/2"]
[WhiteElo "1851"]
[BlackElo "2028"]
[PlyCount "73"]
[EventDate "2016.06.29"]
[EventType "tourn"]
[EventRounds "9"]
[EventCountry "COL"]
[SourceTitle "CBM 173 Extra"]
[Source "ChessBase"]
[SourceDate "2016.08.29"]
[SourceVersion "1"]
[SourceVersionDate "2016.08.29"]
[SourceQuality "1"]

1. e4 Nf6 2. e5 Nd5 3. d4 d6 4. c4 Nb6 5. exd6 cxd6 6. Nc3 g6 7. Be3 Bg7 8. Rc1 Nc6 9. d5 Ne5 10. Be2 0-0 11. b3 Ned7 12. Nf3 Nf6 13. h3 Bf5 14. 0-0 Rc8 15. Nd4 Bd7 16. a4 a5 17. Qd2 Ra8 18. Bh6 Bc8 19. Bxg7 Kxg7 20. f4 Nbd7 21. Rce1 Nc5 22. Bd1 Qb6 23. Kh1 Ra6 24. Ndb5 e6 25. Qd4 Qd8 26. g4 Kg8 27. g5 Ne8 28. h4 Ng7 29. Bc2 Nh5 30. Kh2 Qd7 31. Rf3 Re8 32. Ne4 Nxe4 33. Qxe4 e5 34. f5 gxf5 35. Qxf5 Qxf5 36. Bxf5 Bxf5 37. Rxf5 1/2-1/2

[Event "COL-ch sf2 U18 m"]
[Site "Bogota"]
[Date "2016.05.22"]
[Round "6.2"]
[White "Jimenez, Leonardo Andres"]
[Black "Castillo Barajas, Jonhatan"]
[Result "1-0"]
[WhiteElo "2016"]
[BlackElo "1673"]
[PlyCount "41"]
[EventDate "2016.05.19"]
[EventType "swiss"]
[EventRounds "6"]
[EventCountry "COL"]
[SourceTitle "EXT 2024"]
[Source "ChessBase"]
[SourceDate "2023.10.10"]
[SourceVersion "1"]
[SourceVersionDate "2023.10.10"]
[SourceQuality "1"]

1. e4 e5 2. Nf3 Nc6 3. Bc4 Bc5 4. b4 Bxb4 5. c3 Bc5 6. d4 exd4 7. 0-0 dxc3 8. Bxf7+ Kxf7 9. Qd5+ Ke8 10. Qxc5 d6 11. Qxc3 Qf6 12. e5 Nxe5 13. Re1 Ne7 14. Nxe5 dxe5 15. Rxe5 Rf8 16. Qe1 h6 17. Ba3 Rf7 18. Nc3 Kd8 19. Rd1+ Bd7 20. Re6 Qg5 21. f4 1-0

[Event "COL-ch Superate B"]
[Site "Colombia"]
[Date "2015.10.14"]
[Round "12.1"]
[White "Blandon, Luis Guillermo"]
[Black "Jimenez, Leonardo Andres"]
[Result "0-1"]
[WhiteElo "2145"]
[BlackElo "1882"]
[PlyCount "82"]
[EventDate "2015.10.14"]
[EventType "swiss (blitz)"]
[EventRounds "12"]
[EventCountry "COL"]
[SourceTitle "EXT 2024"]
[Source "ChessBase"]
[SourceDate "2023.10.10"]
[SourceVersion "1"]
[SourceVersionDate "2023.10.10"]
[SourceQuality "1"]

1. e4 Nf6 2. Nc3 d6 3. d4 g6 4. f4 Bg7 5. Nf3 0-0 6. Be2 c6 7. a4 a5 8. 0-0 Qb6 9. Kh1 Bg4 10. e5 Nd5 11. Nxd5 cxd5 12. h3 Bf5 13. Bd3 Be4 14. exd6 Bxf3 15. Qxf3 Qxd6 16. c3 Nd7 17. Re1 e6 18. Be3 Rac8 19. Bf2 Nb6 20. g4 Qd7 21. Bb5 Qd8 22. f5 exf5 23. gxf5 Qf6 24. Bg3 Rfd8 25. Be5 Qh4 26. f6 Bf8 27. Rg1 Nd7 28. Bxd7 Rxd7 29. Rg4 Qh5 30. Rag1 Kh8 31. Qf4 Qxh3+ 32. Qh2 Qxh2+ 33. Kxh2 Bd6 34. Re1 Re8 35. Kg3 Re6 36. Kf4 Rxf6+ 37. Kg5 Bxe5 38. Rxe5 Rf2 39. Kh6 Rh2+ 40. Kg5 Kg7 41. Rf4 f6+ 0-1

[Event "Bogota Superate Cat B Avanzado"]
[Site "Bogota"]
[Date "2015.10.14"]
[Round "5.6"]
[White "Calderon Zuta, Nicolas"]
[Black "Jimenez, Leonardo Andres"]
[Result "0-1"]
[WhiteElo "1754"]
[BlackElo "1857"]
[PlyCount "64"]
[EventDate "2015.10.12"]
[EventType "swiss"]
[EventRounds "5"]
[EventCountry "COL"]
[SourceTitle "EXT 2024"]
[Source "ChessBase"]
[SourceDate "2023.10.10"]
[SourceVersion "1"]
[SourceVersionDate "2023.10.10"]
[SourceQuality "1"]

1. e4 Nf6 2. e5 Nd5 3. d4 d6 4. c4 Nb6 5. exd6 cxd6 6. Nc3 g6 7. Be3 Bg7 8. h3 0-0 9. Nf3 Nc6 10. Be2 e5 11. d5 Ne7 12. 0-0 h6 13. Rc1 f5 14. b4 f4 15. Bd2 Bf5 16. Nh2 Rc8 17. Qb3 Kh7 18. Rfd1 Nd7 19. f3 Qb6+ 20. Kh1 Nf6 21. Ng4 Nh5 22. Be1 Qd8 23. Ne4 b6 24. Bd3 Qd7 25. Bf2 Bxe4 26. Bxe4 Nf5 27. Qd3 Qa4 28. Qb3 Nhg3+ 29. Kh2 Qxb3 30. axb3 h5 31. Ne3 Nxe4 32. Ng4 Neg3 0-1

[Event "COL-ch Superate B"]
[Site "Colombia"]
[Date "2015.10.14"]
[Round "7.2"]
[White "Jimenez, Leonardo Andres"]
[Black "Gallego, Julian Andres"]
[Result "1-0"]
[WhiteElo "1882"]
[BlackElo "1825"]
[PlyCount "137"]
[EventDate "2015.10.14"]
[EventType "swiss (blitz)"]
[EventRounds "12"]
[EventCountry "COL"]
[SourceTitle "EXT 2024"]
[Source "ChessBase"]
[SourceDate "2023.10.10"]
[SourceVersion "1"]
[SourceVersionDate "2023.10.10"]
[SourceQuality "1"]

1. e4 d5 2. exd5 Qxd5 3. Nc3 Qa5 4. d4 c6 5. Nf3 Nf6 6. Bd2 Nbd7 7. Bd3 e6 8. 0-0 Qc7 9. Re1 Bd6 10. Ne4 Nxe4 11. Bxe4 Nf6 12. Bd3 0-0 13. c4 b6 14. Qc2 h6 15. Rac1 Bb7 16. Bc3 Bf4 17. Rcd1 Rad8 18. h3 c5 19. d5 exd5 20. Bxf6 gxf6 21. cxd5 Bxd5 22. Be4 Bxa2 23. b3 Rxd1 24. Rxd1 Rd8 25. Re1 Re8 26. Bh7+ Kf8 27. Rxe8+ Kxe8 28. Qxa2 Qd6 29. Qe2+ Kf8 30. Bc2 Qe6 31. Qd3 Qd6 32. Qa6 Qc7 33. Qc4 Qd6 34. Qe4 a5 35. Bd3 Be5 36. Nxe5 Qxe5 37. Qxe5 fxe5 38. Bb5 Ke7 39. Kf1 f5 40. Ke2 Kd6 41. Kd3 e4+ 42. Ke3 Ke5 43. g3 h5 44. h4 Ke6 45. Kf4 Kd5 46. Kxf5 Kd4 47. Bc4 e3 48. fxe3+ Kxe3 49. Kg5 Kd4 50. Kxh5 Kc3 51. Kg6 Kb4 52. h5 b5 53. Bf7 a4 54. bxa4 bxa4 55. h6 a3 56. h7 c4 57. h8Q a2 58. Qb2+ Kc5 59. Qxa2 Kd4 60. Qxc4+ Ke3 61. Kf5 Kf2 62. Kf4 Ke1 63. Ke3 Kd1 64. Qb3+ Kc1 65. Qa3+ Kb1 66. Ba2+ Ka1 67. Bb3+ Kb1 68. Qa2+ Kc1 69. Qc2# 1-0

[Event "Bogota Superate Cat B Avanzado"]
[Site "Bogota"]
[Date "2015.10.12"]
[Round "1.7"]
[White "Jimenez, Leonardo Andres"]
[Black "Madariaga Amaya, Cristian Daniel"]
[Result "1-0"]
[WhiteElo "1857"]
[BlackElo "1560"]
[PlyCount "85"]
[EventDate "2015.10.12"]
[EventType "swiss"]
[EventRounds "5"]
[EventCountry "COL"]
[SourceTitle "EXT 2024"]
[Source "ChessBase"]
[SourceDate "2023.10.10"]
[SourceVersion "1"]
[SourceVersionDate "2023.10.10"]
[SourceQuality "1"]

1. e4 c5 2. Nf3 d6 3. d4 cxd4 4. Nxd4 Nf6 5. Nc3 e5 6. Ndb5 Nc6 7. Bg5 Bg4 8. Bxf6 Qd7 9. f3 Be6 10. Bh4 a6 11. Na3 Be7 12. Bxe7 Qxe7 13. Nd5 Bxd5 14. exd5 Nd4 15. Bd3 0-0 16. c3 Nb5 17. Nxb5 axb5 18. 0-0 Ra5 19. Qe2 b4 20. cxb4 Rxd5 21. Qe4 Rxd3 22. Qxd3 Qf6 23. Rad1 Rd8 24. Qd5 b6 25. Rf2 h6 26. Rfd2 Qg6 27. Qc6 Qf5 28. Qxb6 Rc8 29. Qxd6 Rc2 30. Rxc2 Qxc2 31. Qd8+ Kh7 32. Qd3+ Qxd3 33. Rxd3 f6 34. b5 f5 35. b6 e4 36. fxe4 f4 37. b7 h5 38. b8Q Kh6 39. Qxf4+ Kh7 40. Qf5+ g6 41. Rd7+ Kh6 42. Qf4+ g5 43. Qf6# 1-0

[Event "COL-ch U16"]
[Site "Medellin"]
[Date "2015.04.29"]
[Round "2"]
[White "Torres Cueto, Jesus Marcial"]
[Black "Jimenez, Leonardo Andres"]
[Result "1-0"]
[WhiteElo "1999"]
[BlackElo "1927"]
[PlyCount "145"]
[EventDate "2015.04.28"]
[EventType "tourn"]
[EventRounds "9"]
[EventCountry "COL"]
[SourceTitle "EXT 2018"]
[Source "ChessBase"]
[SourceDate "2017.10.13"]
[SourceVersion "1"]
[SourceVersionDate "2017.10.13"]
[SourceQuality "1"]

1. e4 c5 2. d4 cxd4 3. c3 dxc3 4. Nxc3 d6 5. Bc4 e6 6. Nf3 Nf6 7. Qe2 a6 8. 0-0 Be7 9. Rd1 Qc7 10. Be3 Nc6 11. Rac1 e5 12. Nd5 Qb8 13. Nb6 Nxe4 14. Bxf7+ Kxf7 15. Qc4+ Be6 16. Qxe4 Ra7 17. Nd5 Ra8 18. Nxe7 Kxe7 19. Qh4+ Kd7 20. Qg5 Re8 21. Qxg7+ Re7 22. Nxe5+ Nxe5 23. Qxe5 Bg4 24. Qg5 Bxd1 25. Qf5+ Ke8 26. Rxd1 Qc7 27. Qh5+ Kd7 28. Qg4+ Re6 29. Rc1 Qd8 30. Qa4+ b5 31. Qc2 h6 32. Qc6+ Ke7 33. Qb7+ Ke8 34. Bb6 Rb8 35. Qd5 Qd7 36. Be3 Rc8 37. Rd1 Rc6 38. Bxh6 Kd8 39. Be3 Kc7 40. Qd4 Kd8 41. Bg5+ Kc7 42. h4 Re5 43. Qxe5 dxe5 44. Rxd7+ Kxd7 45. Bd2 Rc2 46. Bc3 Ke6 47. a3 Kf5 48. f3 Kf4 49. Kh2 Rf2 50. h5 Kg5 51. Bxe5 Kxh5 52. Kg3 Re2 53. Bd4 Kg5 54. f4+ Kf5 55. Kf3 Rd2 56. g4+ Kg6 57. f5+ Kf7 58. Ke4 Rg2 59. Kf4 Rd2 60. Bc3 Rf2+ 61. Kg3 Rf1 62. Be5 a5 63. Bf4 Rb1 64. g5 Rxb2 65. Be5 Rb3+ 66. Kf4 Rxa3 67. g6+ Kg8 68. f6 Rd3 69. Kf5 Rf3+ 70. Ke6 Rxf6+ 71. Bxf6 a4 72. Kd5 b4 73. Kc4 1-0

[Event "COL-ch U16"]
[Site "Medellin"]
[Date "2015.04.28"]
[Round "1"]
[White "Jimenez, Leonardo Andres"]
[Black "Cuevas Sanchez, Bramdon Daniel"]
[Result "1-0"]
[WhiteElo "1927"]
[BlackElo "1803"]
[PlyCount "35"]
[EventDate "2015.04.28"]
[EventType "tourn"]
[EventRounds "9"]
[EventCountry "COL"]
[SourceTitle "EXT 2018"]
[Source "ChessBase"]
[SourceDate "2017.10.13"]
[SourceVersion "1"]
[SourceVersionDate "2017.10.13"]
[SourceQuality "1"]

1. e4 e5 2. Nf3 Nc6 3. Bc4 Bc5 4. b4 Bxb4 5. c3 Ba5 6. 0-0 Nf6 7. d4 exd4 8. Ba3 d6 9. e5 Ng4 10. exd6 cxd6 11. Re1+ Ne7 12. Qxd4 0-0 13. Qxd6 Ng6 14. h3 Nf6 15. Ng5 Nd7 16. Nxf7 Rxf7 17. Bxf7+ Kxf7 18. Qe6# 1-0

[Event "Bogota Region-ch U16 Integrada"]
[Site "Tercer Piso"]
[Date "2015.03.29"]
[Round "3.1"]
[White "Leon, Gustavo"]
[Black "Jimenez, Leonardo Andres"]
[Result "1-0"]
[WhiteElo "1916"]
[BlackElo "1927"]
[PlyCount "117"]
[EventDate "2015.03.28"]
[EventType "swiss"]
[EventRounds "6"]
[EventCountry "COL"]
[SourceTitle "EXT 2024"]
[Source "ChessBase"]
[SourceDate "2023.10.10"]
[SourceVersion "1"]
[SourceVersionDate "2023.10.10"]
[SourceQuality "1"]

1. e4 e6 2. d4 d5 3. Nd2 Nf6 4. e5 Nfd7 5. c3 c5 6. f4 Nc6 7. Ndf3 Qb6 8. h4 cxd4 9. cxd4 Bb4+ 10. Kf2 Be7 11. Kg3 Qd8 12. Bd3 Nb6 13. a3 a5 14. Ne2 Bd7 15. Bc2 Rc8 16. b3 Qc7 17. Bb2 Nxe5 18. dxe5 Qxc2 19. Bd4 Qg6+ 20. Kf2 Bd8 21. Rc1 0-0 22. Rxc8 Nxc8 23. h5 Qe4 24. Qd2 h6 25. Ng3 Qh7 26. Bc5 Re8 27. Qc3 Ne7 28. Nd4 Nc6 29. Nb5 b6 30. Bd6 Nxe5 31. fxe5 Bxb5 32. a4 Qd3 33. Rc1 Qxc3 34. Rxc3 Bd7 35. Ne2 b5 36. axb5 Bxb5 37. Bc5 Bh4+ 38. g3 Bd8 39. Nd4 Bd7 40. Kf3 f6 41. Bd6 Bb6 42. Nc6 Kf7 43. Bc5 Bxc6 44. Bxb6 d4+ 45. Rxc6 fxe5 46. Rc7+ Kf6 47. Bxa5 Rb8 48. b4 Rb5 49. Rc5 Rb7 50. Ke4 Rd7 51. b5 d3 52. Bd2 Rd4+ 53. Ke3 Rd7 54. Bc3 Rd8 55. Rxe5 Ke7 56. b6 Rb8 57. Rb5 Kd7 58. b7 Kc7 59. Be5+ 1-0

[Event "Bogota Region-ch U16 Integrada"]
[Site "Tercer Piso"]
[Date "2015.03.28"]
[Round "1.2"]
[White "Avendano Leon, Raul Camilo"]
[Black "Jimenez, Leonardo Andres"]
[Result "0-1"]
[WhiteElo "1464"]
[BlackElo "1927"]
[PlyCount "56"]
[EventDate "2015.03.28"]
[EventType "swiss"]
[EventRounds "6"]
[EventCountry "COL"]
[SourceTitle "EXT 2024"]
[Source "ChessBase"]
[SourceDate "2023.10.10"]
[SourceVersion "1"]
[SourceVersionDate "2023.10.10"]
[SourceQuality "1"]

1. e4 e6 2. Nc3 d5 3. exd5 exd5 4. d4 Bd6 5. Nf3 Ne7 6. Bd3 0-0 7. 0-0 c6 8. Ng5 h6 9. Qh5 Bf5 10. Bxf5 Nxf5 11. Nf3 Qf6 12. Re1 Nxd4 13. Nxd4 Qxd4 14. Be3 Qf6 15. Rad1 Be5 16. Bd2 Nd7 17. Re3 Qd6 18. Rde1 Bf4 19. R3e2 Bxd2 20. Rxd2 Nf6 21. Qh3 Qb4 22. Qf3 d4 23. a3 Qxb2 24. Rb1 Qxc3 25. Qxc3 dxc3 26. Rd3 Nd5 27. Rxb7 Rab8 28. Rxb8 Rxb8 0-1

[Event "Bogota Region-ch U16"]
[Site "Bogota"]
[Date "2015.02.07"]
[Round "1.2"]
[White "Gaitan Bautista, Oscar"]
[Black "Jimenez, Leonardo Andres"]
[Result "1-0"]
[WhiteElo "1643"]
[BlackElo "1942"]
[PlyCount "70"]
[EventDate "2015.02.07"]
[EventType "swiss"]
[EventRounds "6"]
[EventCountry "COL"]
[SourceTitle "EXT 2024"]
[Source "ChessBase"]
[SourceDate "2023.10.10"]
[SourceVersion "1"]
[SourceVersionDate "2023.10.10"]
[SourceQuality "1"]

1. e4 e6 2. d4 d5 3. Nd2 Nf6 4. e5 Nfd7 5. Ngf3 c5 6. c3 Nc6 7. Bb5 Qb6 8. Bxc6 bxc6 9. 0-0 cxd4 10. cxd4 Ba6 11. Re1 c5 12. Nb3 cxd4 13. Qxd4 Qxd4 14. Nbxd4 Bb4 15. Bd2 Bxd2 16. Nxd2 Rc8 17. N2f3 Nc5 18. b3 Nd3 19. Red1 Kd7 20. a3 Rc3 21. b4 Bc4 22. Ne2 Rc2 23. Ned4 Rb2 24. Rab1 Rxf2 25. Rxd3 Bxd3 26. Rd1 Rxf3 27. gxf3 Bc4 28. b5 f6 29. exf6 gxf6 30. a4 e5 31. Nf5 d4 32. Nxd4 Kc7 33. Rc1 Kd6 34. Rxc4 exd4 35. Rxd4+ Ke7 1-0

[Event "COL-ch U20"]
[Site "Bogota"]
[Date "2015.01.30"]
[Round "1"]
[White "Jimenez, Leonardo Andres"]
[Black "Cruz Beltran, Andres Euclides"]
[Result "1-0"]
[WhiteElo "1942"]
[BlackElo "1542"]
[PlyCount "66"]
[EventDate "2015.01.30"]
[EventType "swiss"]
[EventRounds "6"]
[EventCountry "COL"]
[SourceTitle "CBM 164 Extra"]
[Source "ChessBase"]
[SourceDate "2015.03.02"]
[SourceVersion "1"]
[SourceVersionDate "2015.03.02"]
[SourceQuality "1"]

1. e4 e5 2. Nf3 Nc6 3. Bb5 Bc5 4. 0-0 d6 5. d3 h6 6. c3 Nf6 7. d4 a6 8. Bxc6+ bxc6 9. dxc5 Nxe4 10. Be3 0-0 11. Nbd2 Nf6 12. Qc2 Qe7 13. Rfe1 e4 14. Bd4 d5 15. Ne5 Bf5 16. Nxc6 Qe6 17. Bxf6 Qxf6 18. Nd4 Bg6 19. Re3 Qe7 20. b4 f5 21. f4 a5 22. a4 Ra6 23. N2b3 axb4 24. cxb4 c6 25. b5 cxb5 26. axb5 Rxa1+ 27. Nxa1 Rc8 28. c6 Be8 29. Nab3 Qf6 30. Qc5 Qf7 31. b6 Bxc6 32. Nxc6 Rxc6 33. Qxc6 Qh5 1-0

[Event "Bogota Navidad op"]
[Site "Bogota"]
[Date "2014.12.07"]
[Round "7"]
[White "Jimenez, Leonardo Andres"]
[Black "Zapata Cuartas, Juan Carlos"]
[Result "1-0"]
[WhiteElo "1840"]
[BlackElo "2163"]
[PlyCount "63"]
[EventDate "2014.12.04"]
[EventType "swiss"]
[EventRounds "9"]
[EventCountry "COL"]
[SourceTitle "CBM 163 Extra"]
[Source "ChessBase"]
[SourceDate "2014.12.23"]
[SourceVersion "1"]
[SourceVersionDate "2014.12.23"]
[SourceQuality "1"]

1. e4 c5 2. Nf3 d6 3. d4 cxd4 4. Nxd4 Nf6 5. Nc3 a6 6. Bc4 e6 7. Bb3 Nbd7 8. f4 Nc5 9. f5 e5 10. Nde2 Be7 11. Be3 0-0 12. 0-0 b5 13. Ng3 Bb7 14. Qf3 Rc8 15. Bxc5 Rxc5 16. a3 Qb6 17. Kh1 a5 18. Rad1 Qc7 19. Nh5 Nxh5 20. Qxh5 Rxc3 21. bxc3 Bxe4 22. Qg4 d5 23. f6 Bxf6 24. Rxf6 Qxc3 25. Rd6 a4 26. Bxd5 Bxc2 27. Bxf7+ Kh8 28. Rd8 Qxa3 29. Rxf8+ Qxf8 30. Qb4 Qa8 31. Rc1 Bd3 32. Qc3 1-0

[Event "Bogota Navidad op"]
[Site "Bogota"]
[Date "2014.12.05"]
[Round "3"]
[White "Jimenez, Leonardo Andres"]
[Black "Cuenca Gomez, Jesus"]
[Result "0-1"]
[WhiteElo "1840"]
[BlackElo "2148"]
[PlyCount "163"]
[EventDate "2014.12.04"]
[EventType "swiss"]
[EventRounds "9"]
[EventCountry "COL"]
[SourceTitle "CBM 163 Extra"]
[Source "ChessBase"]
[SourceDate "2014.12.23"]
[SourceVersion "1"]
[SourceVersionDate "2014.12.23"]
[SourceQuality "1"]

1. e4 e5 2. Nf3 Nc6 3. Bc4 Nf6 4. d4 exd4 5. 0-0 Bc5 6. e5 d5 7. exf6 dxc4 8. Re1+ Be6 9. Ng5 Qd5 10. Nc3 Qf5 11. Nce4 Bb6 12. fxg7 Rg8 13. Ng3 Qg6 14. Qh5 0-0-0 15. Qxg6 hxg6 16. Nxe6 fxe6 17. Rxe6 Rxg7 18. Bg5 Rd5 19. h4 Kd7 20. Rae1 d3 21. R6e4 dxc2 22. Rxc4 Rd1 23. Rf1 Nd4 24. Bf6 Rf7 25. Bxd4 Rxd4 26. Rxc2 Rxh4 27. Rd1+ Kc8 28. Re2 Rf8 29. Nf1 Rhf4 30. Rdd2 Rd8 31. g3 Ra4 32. b3 Rxd2 33. Rxd2 Re4 34. Kg2 Re1 35. Nh2 Ba5 36. Rd5 Bb4 37. Kf3 c6 38. Rd3 Ra1 39. a4 Ra2 40. Ng4 Bc5 41. Rc3 Bd4 42. Rc4 Rd2 43. Ne3 Kd7 44. Ke4 c5 45. f4 Re2 46. Rxd4+ cxd4 47. Kxd4 Rb2 48. Kc4 Ke6 49. g4 Rb1 50. b4 Re1 51. Kd4 Rb1 52. Kc4 Ra1 53. a5 Kd6 54. Kb5 Re1 55. Nc4+ Kd5 56. Ne5 g5 57. Ng6 gxf4 58. Nxf4+ Kd6 59. Nd3 Re4 60. Nc5 Re5 61. Kc4 b6 62. axb6 axb6 63. Nd3 Re4+ 64. Kb5 Rxg4 65. Kxb6 Rd4 66. Nc1 Rxb4+ 67. Ka5 Rb1 68. Nd3 Kd5 69. Ka4 Kd4 70. Nf4 Kc4 71. Ka3 Rb3+ 72. Ka2 Re3 73. Kb2 Rf3 74. Ne6 Rf6 75. Ng5 Kd3 76. Kb3 Rb6+ 77. Ka4 Rg6 78. Nf7 Kd4 79. Kb5 Kd5 80. Nd8 Rg1 81. Nf7 Rg7 82. Nd8 0-1

[Event "COL-ch U16"]
[Site "Bogota"]
[Date "2014.05.30"]
[Round "2"]
[White "Montoya Zapata, Santiago"]
[Black "Jimenez, Leonardo Andres"]
[Result "1-0"]
[WhiteElo "1746"]
[BlackElo "1878"]
[PlyCount "53"]
[EventDate "2014.05.29"]
[EventType "swiss"]
[EventRounds "7"]
[EventCountry "COL"]
[SourceTitle "CBM 160 Extra"]
[Source "ChessBase"]
[SourceDate "2014.07.01"]
[SourceVersion "1"]
[SourceVersionDate "2014.07.01"]
[SourceQuality "1"]

1. e4 e6 2. d3 d5 3. Nd2 c5 4. Ngf3 Nf6 5. g3 Nc6 6. Bg2 Be7 7. 0-0 Qc7 8. Re1 0-0 9. e5 Nd7 10. Qe2 b5 11. Nf1 a5 12. h4 Ba6 13. Bf4 c4 14. dxc4 bxc4 15. Ng5 Bxg5 16. hxg5 c3 17. Qh5 Nd4 18. Ne3 Nxc2 19. Nxd5 exd5 20. Bxd5 g6 21. Qh6 cxb2 22. Rad1 Nxe1 23. e6 Qc3 24. exf7+ Kh8 25. Bxa8 Bd3 26. Bc6 Qxc6 27. Be5+ 1-0